| 000 | 01648nam a22002417a 4500 | ||
|---|---|---|---|
| 999 |
_c5997 _d5997 |
||
| 003 | DO-SdBJH | ||
| 005 | 20210309145317.0 | ||
| 008 | 210309b ||||| |||| 00| 0 spa d | ||
| 040 |
_aDO-SdBJH _bspa _cDO-SdBJH |
||
| 090 |
_aTG EGAEE _b01407 2018 |
||
| 100 | 1 |
_aD Oleo Guerrero, Yannina _esustentante |
|
| 245 | 1 | 0 |
_aLos hoteles, las termoeléctricas y las zonas francas y su impacto a los niveles de contaminación ambiental en República Dominicana, período 2010-2016 / _c Yannina D Oleo Guerrero, Bismarck José Hernández D Oleo, asesores Francisco Acosta, Judit S. De León Santana |
| 260 |
_aSanto Domingo : _bINSUDE, _c2018 |
||
| 300 | _aiv, 90 páginas, cuadros | ||
| 502 | _aTesis (Maestría en Defensa y Seguridad Nacional). -- Instituto Superior para la Defensa (INSUDE). Escuela de Graduados en Altos Estudios Estratégico, 2018 | ||
| 504 | _aIncluye referencias bibliográficas e índices | ||
| 505 | _aConformación de la estructura productiva de la República Dominicana. -- Análisis de los problemas medio ambientales. -- Políticas, estrategias y reglamentaciones aplicables a los hoteles, zonas francas y termoeléctricas para minimizar su impacto en los niveles de contaminación ambiental. -- Medidas tomadas por los hoteles, las zonas francas y las generadoras termoeléctricas para prevenir y mitigar los daños al medio ambiente | ||
| 700 | 1 |
_aHernández D Oleo, Bismarck José _esustentante |
|
| 700 | 1 |
_aAcosta, Francisco _easesor |
|
| 700 | 1 |
_aDe León Santana, Judit S. _easesor |
|
| 830 | _aINSUDE. Escuela de Graduados en Altos Estudios Estratégico. Tesis y disertaciones académicas | ||
| 942 |
_2CL _cT |
||